00535nam a22002057a 450000500170000001000130001702000100003003500130004003700160005304000120006908200150008110000170009624500500011326000330016327000350019630000220023150000510025365000130030465000120031720170124110030.0 aA-710549 c70.00 aA-710549 bCen Lib/Ret aDPLbEN a270.9bFAQ aFaqih, Irfan aGlimpses of Islamic history /cby Irfan Faqih aDelhibAdam Publishersc1988 a437 Matia MahalbDelhie110006 ax,315p.c21cm(Hb) aIncludes bibliographical references and index  aReligion aHistory